|
|
|
|
| LEADER |
01078nam a22002537a 4500 |
| 001 |
37712 |
| 003 |
BD-DhAAL |
| 008 |
220215t1985 bg ||||| |||| 00| 0 ben d |
| 999 |
|
|
|c 43511
|d 43511
|
| 020 |
|
|
|a 9840729179
|
| 040 |
|
|
|a BD-DhAAL
|
| 082 |
|
|
|a 780.095492
|2 22
|
| 100 |
|
|
|a লতিফ, আবদুল
|9 45795
|
| 245 |
|
|
|a ভাষার গান দেশের গান /
|c আবদুল লতিফ
|
| 246 |
|
|
|a Vashar gan desher gan
|
| 260 |
|
|
|a ঢাকা :
|b বাংলা একাডেমী,
|c ১৯৮৫
|
| 300 |
|
|
|a ১২০ পৃষ্ঠা ;
|c ২২ সে.মি.
|
| 526 |
|
|
|a BIED
|
| 541 |
|
|
|a Complimentary copy from BIED
|e 37712
|
| 650 |
|
|
|a Songs, Bengali
|z Bangladesh.
|9 45796
|
| 650 |
|
|
|a সঙ্গীত
|z বাংলাদেশ।
|9 45797
|
| 852 |
|
|
|a Ayesha Abed Library
|c BIED Collection
|
| 942 |
|
|
|2 ddc
|c BK
|
| 952 |
|
|
|0 0
|1 0
|2 ddc
|4 0
|6 780_095492000000000_LAT
|7 0
|9 69801
|a BRACUL
|b BRACUL
|c GEN
|d 2022-02-15
|e Complimentary copy from BIED
|l 0
|o 780.095492 LAT
|p 3010037712
|r 2022-02-15
|t 1
|w 2022-02-15
|y BK
|x Transferred from BIED to General Stacks
|